000 00621nam a2200205 a 4500
005 20140310183319.0
008 060116s19uu xx 00 eng d
020 _a0070074615
050 _aHG 4026
_b.B6668 1995
100 _aBrealey, Richard A.
245 _aFundamentals of corporate finance /
_cRichard A. Brealey, Stewart C. Myers and Alan J. Marcus.
260 _c1995.
_aNew York :
_bMcGraw Hill,
300 _a736 p. :
_bill. col. ;
_c25 cm.
521 _aBSBA
650 _aCorporations
_xFinance.
700 _aMyers, Stewart C.
700 _aMarcus, Alan J.
942 _cBK
_2lcc
_kFOR
999 _c21351
_d21351